000 00574nam a2200145Ia 4500
008 100415s9999 xx 000 0 und d
082 _b14059
_a574.5(5475)
100 _aMehta Sanat
245 _aSardar Sarovar Project : a planned ecological harmony amongst Men, Water, Land & Vegitation
260 _aGUJARAT
_c1988
_bSSNNL
365 _b0
630 _aSardar Sarovar Project : a planned ecological harmony amongst Men, Water, Land & Vegitation
730 _aSardar Sarovar Project : a planned ecological harmony amongst Men, Water, Land & Vegitation
942 _cBOOK
999 _c596957
_d596954